00635nam a2200157 450000500170000002000180001708200150003508400250005010000310007510000130010624000790011924502040019826000540040230000100045665000110046620260207160456.0 a9788119131563 a614bIQB.E 2Colon Classification aഇക്ബാൽ ,ബി aIkbal ,B aEllavarkum arogyam:Arogyathinte samoohika, sambathika, rashtreeyamanaangal aഎല്ലാവർക്കും ആരോഗ്യം:ആരോഗ്യത്തിൻ്റെ സമൂഹിക, സാംബതിക, രാഷ്ട്രീയമാനങ്ങൾ aThiruvananthapuram:b Chintha Publishers, c2023. a241p. aHealth